| 000 | 02597cam a2200397 a 4500 | ||
|---|---|---|---|
| 001 | 15906623 | ||
| 003 | OSt | ||
| 005 | 20150408113957.0 | ||
| 008 | 090915s2009 enka b 001 0 eng d | ||
| 010 | _a 2009464782 | ||
| 015 |
_aGBA949280 _2bnb |
||
| 016 | 7 |
_a015261054 _2Uk |
|
| 020 | _a9780199567225 (acidfree paper) | ||
| 020 | _a9780199600700 | ||
| 035 | _a(OCoLC)ocn339535021 | ||
| 040 |
_aUKM _cUKM _dBTCTA _dYDXCP _dBWKUK _dBWK _dOKU _dBWX _dDLC |
||
| 042 |
_aukblsr _alccopycat |
||
| 050 | 0 | 0 |
_aP297 _b.S46 2009 |
| 082 | 0 | 4 |
_a425 S E C _222 |
| 245 | 0 | 4 |
_aThe semantics of clause linking : _ba cross-linguistic typology / _cedited by R. M. W. Dixon, Alexandra Y. Aikhenvald. |
| 260 |
_aOxford ; _aNew York : _bOxford University Press, _c2009. |
||
| 300 |
_axviii, 410 p. : _bill. ; _c24 cm. |
||
| 490 | 0 | _aOxford linguistics | |
| 490 | 0 |
_aExplorations in linguistic typology ; _v5 |
|
| 504 | _aIncludes bibliographical references and indexes. | ||
| 505 | 0 | _aThe semantics of clause linking in typological perspective / R.M.W. Dixon -- The semantics of clause linking in Akkadian / Guy Deutscher -- The semantics of clause linking in Galo / Mark Post -- The semantics of clause linking in Kham / David E. Watters -- The semantics of clause linking in Manambu / Alexandra Y. Aikhenvald -- The semantics of clause linking in Iquito / Lev Michael -- The semantics of clause linking in Aguaruna / Simon Overall -- The semantics of clause linking in Ojibwe / J. Randolph Valentine -- The semantics of clause linking in Boumaa Fijian / R.M.W. Dixon -- The semantics of clause linking in Toqabaqita / Frantisek Lichtenberk -- The semantics of clause linking in Martuthunira / Alan Dench -- The semantics of clause linking in Korean / Ho-min Sohn -- The semantics of clause linking in Goemai / Birgit Hellwig -- The semantics of clause linking in Konso / Maarten Mous and Ongaye Oda -- The semantics of clause linking in Mali / Tonya N. Stebbins -- Semantics and grammabr in clause linking / Alexandra Y. Aikhenvald. | |
| 650 | 0 |
_aGrammar, Comparative and general _xClauses. _98076 |
|
| 650 | 0 | _aSemantics | |
| 700 | 1 |
_aDixon, Robert M. W. _98077 |
|
| 700 | 1 |
_aAĭkhenvalʹd, A. I͡U︡ _q(Aleksandra I͡U︡rʹevna) _98078 |
|
| 856 | 4 | 2 |
_3Contributor biographical information _uhttp://www.loc.gov/catdir/enhancements/fy0917/2009464782-b.html |
| 856 | 4 | 2 |
_3Publisher description _uhttp://www.loc.gov/catdir/enhancements/fy0917/2009464782-d.html |
| 906 |
_a7 _bcbc _ccopycat _d2 _encip _f20 _gy-gencatlg |
||
| 942 |
_2ddc _cDVD |
||
| 999 |
_c19634 _d254134 |
||